| 000 | 00413nam a2200169Ia 4500 | ||
|---|---|---|---|
| 001 | 23116 | ||
| 005 | 20260414150916.0 | ||
| 008 | 260414t2023||||xx |||||||||||||| ||spa|| | ||
| 041 | _aESP | ||
| 082 |
_a624.1834 _bU61 |
||
| 245 | 0 |
_aGuía práctica de laboratorio tecnología del concreto _b |
|
| 260 | _c2023 | ||
| 300 |
_a79 páginas : _c30 cm. |
||
| 650 | _a0 | ||
| 654 | _aCIC | ||
| 942 |
_cLIB _dJUS _fJUS _2ddc _n |
||
| 999 |
_c23116 _d23116 |
||